000 00380nam a2200145Ia 4500
008 220204s9999 xx 000 0 und d
082 _a678.073(035)
_bWAL
245 0 _aHandbook of thermoplastic elastomers
260 _aNew York
_bVan Nostrand
_c1979
650 _aBlock Polymers
650 _aPolyester
650 _aPolyurethane
700 _aWalker, Benjamin A
942 _cBK
999 _c39324
_d39324